[Event "Sachsen-ch Seniors op"]
[Site "Dresden"]
[Date "2016.10.31"]
[Round "1"]
[White "Reimann, Guenther"]
[Black "Chernyak, Nataliya"]
[Result "1/2-1/2"]
[WhiteElo "1890"]
[BlackElo "1633"]
[PlyCount "57"]
[EventDate "2016.10.31"]
[EventType "swiss"]
[EventRounds "9"]
[EventCountry "GER"]
[SourceTitle "EXT 2019"]
[Source "ChessBase"]
[SourceDate "2018.10.10"]
[SourceVersion "1"]
[SourceVersionDate "2018.10.10"]
[SourceQuality "1"]

1. c4 g6 2. Nf3 Bg7 3. g3 e6 4. Nc3 Ne7 5. Bg2 d6 6. d3 0-0 7. 0-0 Nd7 8. Qc2 a6 9. Re1 h6 10. Rb1 Rb8 11. Bd2 g5 12. d4 Ng6 13. h3 e5 14. d5 Nf6 15. Nh2 Bd7 16. Ne4 Nh7 17. f3 Qc8 18. Nf2 c6 19. b3 b5 20. c5 f5 21. e4 f4 22. g4 Nh4 23. Bf1 b4 24. Bc1 Qb7 25. Be2 a5 26. Nf1 Nf6 27. Nd2 Ra8 28. Ra1 h5 29. a4 1/2-1/2

[Event "Bad Wiessee Seniors op"]
[Site "Bad Wiessee"]
[Date "2012.04.24"]
[Round "4"]
[White "Schwenke, Norbert"]
[Black "Chernyak, Nataliya"]
[Result "1-0"]
[WhiteElo "1391"]
[BlackElo "1351"]
[PlyCount "93"]
[EventDate "2012.04.21"]
[EventType "swiss"]
[EventRounds "9"]
[EventCountry "GER"]
[SourceTitle "EXT 2015"]
[Source "ChessBase"]
[SourceDate "2014.11.20"]
[SourceVersion "1"]
[SourceVersionDate "2014.11.20"]
[SourceQuality "1"]

1. f4 b6 2. Nc3 Bb7 3. e4 e6 4. Nf3 g6 5. d3 Bg7 6. Bd2 Ne7 7. Qe2 d5 8. e5 c5 9. Nb5 Nc8 10. g3 a6 11. Nc3 Nd7 12. Bg2 b5 13. 0-0 Ncb6 14. b3 0-0 15. Nd1 Rc8 16. Nf2 Qe7 17. Rac1 h6 18. Rfd1 Kh7 19. Ng4 f5 20. exf6 Nxf6 21. Nf2 Nfd7 22. Bh3 Rce8 23. Re1 e5 24. fxe5 Nxe5 25. Nxe5 Qxe5 26. Qxe5 Bxe5 27. c3 d4 28. c4 bxc4 29. Ng4 Bg7 30. Rxe8 Rxe8 31. bxc4 g5 32. Rf1 Rf8 33. Ba5 Rxf1+ 34. Bxf1 Nd7 35. Bc7 Bf3 36. Nf2 g4 37. Bf4 Be5 38. Bd2 Kg6 39. Bg2 Bxg2 40. Kxg2 h5 41. Ne4 Bc7 42. Bg5 Ne5 43. Bf4 Nxd3 44. Bxc7 Nc1 45. Nxc5 Nxa2 46. Be5 a5 47. Bxd4 1-0

[Event "Sunny Beach op 10th"]
[Site "Sunny Beach"]
[Date "2011.08.27"]
[Round "1"]
[White "Kaderabek, Jiri"]
[Black "Chernyak, Nataliya"]
[Result "1-0"]
[WhiteElo "2205"]
[BlackElo "1756"]
[PlyCount "63"]
[EventDate "2011.08.27"]
[EventType "swiss"]
[EventRounds "9"]
[EventCountry "BUL"]
[SourceTitle "CBM 144 Extra"]
[Source "ChessBase"]
[SourceDate "2011.10.28"]
[SourceVersion "1"]
[SourceVersionDate "2011.10.28"]
[SourceQuality "1"]

1. d4 b6 2. e4 Bb7 3. Bd3 g6 4. Nf3 Bg7 5. 0-0 e6 6. c4 Ne7 7. Nc3 0-0 8. Bf4 d6 9. Bg3 Nbc6 10. Bc2 Nb4 11. Re1 c5 12. Bb3 cxd4 13. Nxd4 d5 14. exd5 exd5 15. Bh4 dxc4 16. Bxe7 Qxd4 17. Qxd4 Bxd4 18. Bxb4 cxb3 19. Bxf8 Kxf8 20. axb3 a6 21. Rad1 Rd8 22. Re2 Bf6 23. Red2 Rxd2 24. Rxd2 Ke7 25. f3 b5 26. Kf2 Bg5 27. Rc2 Bf4 28. g3 Bd6 29. Ne4 Bxe4 30. fxe4 a5 31. Ke3 f6 32. Kd4 1-0